000 01084nam a2200253 a 4500
001 BRCA_8958
005 20190320210455.0
008 050717s1792----sp-#######---#000-0#spa-#
041 _aspa
044 _asp
084 _aBE159
_b.B83 1792
100 1 _aBuchan, Guillermo
_922255
245 1 0 _aMedicina domestica o tratado completo sobre los medios de conservar la salud, precaver y curar las enfermedades por un régimen y remedios simples
_cpor Guillermo Buchan; traducida de la última y nona edición Inglesa, igualmente que las notas que puso Mr. Duplanil; por D. Pedro Sinnot...
250 _a2ª ed.
260 _aMadrid
_bEn la Imprenta Real
_c1792
300 _a448 p. (t.2)
_c22 x 15.5 cm
500 _aEstado físico: presenta encuadernación en pergamino deteriorada, con cintas rotas
500 _aCon licencia
500 _aEn portada: Corregida, ilustrada, aumentada y revisada por los Físicos y Botánicos mas acreditados en esta Corte...
650 1 4 _aMedicina popular
_922256
650 1 4 _aMedicina tradicional
_922257
902 _aCFM
942 _2lcc
_cB
999 _c8609
_d8609